Προσομοιωτική μοντελοποίηση εφοδιαστικού δικτύου με γενική τοπολογία : [μεταπτυχιακή εργασία]

Αποθηκεύτηκε σε:
Λεπτομέρειες βιβλιογραφικής εγγραφής
Κύριος συγγραφέας: Βαρλάς, Γεώργιος
Συγγραφή απο Οργανισμό/Αρχή: Πανεπιστήμιο Αιγαίου Σχολή Επιστημών της Διοίκησης Τμήμα Διοίκησης Επιχειρήσεων Πρόγραμμα Μεταπτυχιακών Σπουδών στη Διοίκηση Επιχειρήσεων - M.B.A
Άλλοι συγγραφείς: Βιδάλης, Μιχάλης (Εισηγητής διατριβής)
Μορφή: Thesis Βιβλίο
Γλώσσα:Greek
Δημοσίευση: 2010
Θέματα:
Διαθέσιμο Online:http://hdl.handle.net/11610/13529
Ετικέτες: Προσθήκη ετικέτας
Δεν υπάρχουν, Καταχωρήστε ετικέτα πρώτοι!

MARC

LEADER 00000cam a2200000 i 4500
001 1/10746
008 101102s2010 gre d
035 |l 10109134 
040 |a GR-MY-UA  |b gre  |e aacr 
041 0 |a gre 
082 0 |a 658.00113  |2 (22) 
100 1 |a Βαρλάς, Γεώργιος. 
245 1 0 |a Προσομοιωτική μοντελοποίηση εφοδιαστικού δικτύου με γενική τοπολογία :  |b [μεταπτυχιακή εργασία] /  |c Βαρλάς Γεώργιος ; επιβλέπων καθηγητής Βιδάλης Μιχάλης 
260 |c 2010 
300 |a 160 σ.;  |b διαγρ., πιν.;  |c 30 εκ. 
502 |a Διατριβή (μεταπτυχιακή) – Πανεπιστήμιο Αιγαίου, Χίος, 2010. 
504 |a Περιλαμβάνει βιβλιογραφία 
650 0 0 |a Simulation methods. 
650 0 0 |a Digital computer simulation. 
650 0 0 |a Production management  |x Simulation methods. 
650 0 0 |a Management science  |x Computer simulation. 
650 0 0 |a Dissertations, Academic  |z Greece. 
700 1 |a Βιδάλης, Μιχάλης.  |4 ths 
710 1 |a Πανεπιστήμιο Αιγαίου  |b Σχολή Επιστημών της Διοίκησης  |b Τμήμα Διοίκησης Επιχειρήσεων  |b Πρόγραμμα Μεταπτυχιακών Σπουδών στη Διοίκηση Επιχειρήσεων - M.B.A. 
852 |a INST  |b CHIOS  |c DIATR  |e 20101102  |h 658.00113 ΒΑΡ  |p 005200031346  |q 005200031346  |t MTXE  |y 23 
852 |a INST  |b CHIOS  |c DIATR  |e 20101102  |h 658.00113 ΒΑΡ  |p 005200031347  |q 005200031347  |t MTXE  |y 23 
856 |u http://hdl.handle.net/11610/13529 
901 |a BIBL2-2010-3 
909 |a Χ  |b 149175 
909 |a Χ  |b 149176 
924 |a ΒΑΡΛΑΣ  |b ΓΕΩΡΓΙΟΣ  |y ΧΙΟΣ  |z 2010-11 
970 |a ΠΑΡΟΙΚΑΚΗ  |b ΒΑΣΙΛΙΚΗ  |z 2010/11/02